<?xml version="1.0" encoding="UTF-8"?>
<record
    xmlns:xsi="http://www.w3.org/2001/XMLSchema-instance"
    xsi:schemaLocation="http://www.loc.gov/MARC21/slim http://www.loc.gov/standards/marcxml/schema/MARC21slim.xsd"
    xmlns="http://www.loc.gov/MARC21/slim">

  <leader>01129    a2200217   4500</leader>
  <controlfield tag="005">20080828143238.0</controlfield>
  <controlfield tag="008">080828t        xxu||||| |||| 00| 0 hin d</controlfield>
  <datafield tag="010" ind1=" " ind2=" ">
    <subfield code="a">HIN-82616</subfield>
  </datafield>
  <datafield tag="020" ind1=" " ind2=" ">
    <subfield code="c">200.00</subfield>
    <subfield code="a">8185255393</subfield>
  </datafield>
  <datafield tag="035" ind1=" " ind2=" ">
    <subfield code="a">HN-54962</subfield>
  </datafield>
  <datafield tag="037" ind1=" " ind2=" ">
    <subfield code="b">&#x92A;&#x941;.&#x92A;&#x94D;&#x930;.&#x905;.&#x92A;&#x94D;&#x930;/&#x92A;&#x94D;&#x930;&#x915;&#x93E;</subfield>
  </datafield>
  <datafield tag="082" ind1=" " ind2=" ">
    <subfield code="a">823.08</subfield>
  </datafield>
  <datafield tag="100" ind1=" " ind2=" ">
    <subfield code="a">&#x938;&#x93F;&#x902;&#x939;, &#x90F;&#x938;.&#x906;&#x930;.</subfield>
  </datafield>
  <datafield tag="245" ind1=" " ind2=" ">
    <subfield code="a">&#x92D;&#x93E;&#x930;&#x924;&#x940;&#x92F; &#x938;&#x93E;&#x92E;&#x93E;&#x91C;&#x93F;&#x915; &#x935;&#x93F;&#x915;&#x93E;&#x938; &#x914;&#x930; &#x939;&#x93F;&#x928;&#x94D;&#x926;&#x940; &#x909;&#x92A;&#x928;&#x94D;&#x92F;&#x93E;&#x938; /</subfield>
    <subfield code="c">&#x90F;&#x938;.&#x906;&#x930;.&#x938;&#x93F;&#x902;&#x939;</subfield>
  </datafield>
  <datafield tag="246" ind1=" " ind2=" ">
    <subfield code="a">Bhartiya Samajik Vikas aur Hindi Upnyas</subfield>
    <subfield code="b">by Sewa Ram Singh</subfield>
  </datafield>
  <datafield tag="260" ind1=" " ind2=" ">
    <subfield code="a">&#x926;&#x93F;&#x932;&#x94D;&#x932;&#x940;</subfield>
    <subfield code="b">&#x905;&#x92D;&#x93F;&#x935;&#x94D;&#x92F;&#x915;&#x94D;&#x924;&#x93F; &#x92A;&#x94D;&#x930;&#x915;&#x93E;&#x936;&#x928;</subfield>
    <subfield code="c">2008</subfield>
  </datafield>
  <datafield tag="270" ind1=" " ind2=" ">
    <subfield code="a">29/61, &#x917;&#x932;&#x940; &#x928;&#x902;.11, &#x935;&#x93F;&#x936;&#x94D;&#x935;&#x93E;&#x938; &#x928;&#x917;&#x930;</subfield>
    <subfield code="b">&#x926;&#x93F;&#x932;&#x94D;&#x932;&#x940;</subfield>
    <subfield code="e">110032</subfield>
  </datafield>
  <datafield tag="300" ind1=" " ind2=" ">
    <subfield code="a">160&#x92A;&#x943;</subfield>
    <subfield code="c">22 &#x938;&#x947;&#x92E;&#x940; (&#x938;&#x91C;&#x93F;&#x932;&#x94D;&#x926;)</subfield>
  </datafield>
  <datafield tag="942" ind1=" " ind2=" ">
    <subfield code="a">dpl</subfield>
    <subfield code="c">HN</subfield>
    <subfield code="k">823.08 / &#x938;&#x93F;&#x902;&#x939;&#x90F;</subfield>
    <subfield code="2">ddc</subfield>
    <subfield code="h">823.08 </subfield>
    <subfield code="m">&#x938;&#x93F;&#x902;&#x939;&#x90F;</subfield>
  </datafield>
  <datafield tag="999" ind1=" " ind2=" ">
    <subfield code="c">10751</subfield>
    <subfield code="d">10751</subfield>
  </datafield>
  <datafield tag="952" ind1=" " ind2=" ">
    <subfield code="0">0</subfield>
    <subfield code="1">0</subfield>
    <subfield code="4">0</subfield>
    <subfield code="7">0</subfield>
    <subfield code="a">DBAD</subfield>
    <subfield code="b">DBAD</subfield>
    <subfield code="d">0000-00-00</subfield>
    <subfield code="g">200.00</subfield>
    <subfield code="l">0</subfield>
    <subfield code="o">823.08  &#x938;&#x93F;&#x902;&#x939;&#x90F;</subfield>
    <subfield code="p">HN-54962</subfield>
    <subfield code="r">2008-09-15 00:00:00</subfield>
    <subfield code="t">1</subfield>
    <subfield code="u">11844</subfield>
    <subfield code="v">200.00</subfield>
    <subfield code="w">2008-09-15</subfield>
    <subfield code="y">HN</subfield>
  </datafield>
</record>
